000
00287nam a2200109Ia 4500
008
230907s9999||||xx |||||||||||||| ||und||
082
_a
572.8
_b
MOL
100
_a
Alberts, Bruce,
_9
5479
245
0
_a
Molecular biology of the cell /
300
_a
1 volume (various pagings) :
942
_c
BK
999
_c
601484
_d
601484